Цифровая обработка сигналов: процессоры, алгоритмы, средства проектирования

Bibliografiska uppgifter
Huvudupphovsman: Куприянов М. С. Михаил Степанович
Övriga upphovsmän: Матюшкин Б. Д. Борис Дмитриевич
Sammanfattning:На тит. л. вых. данные 2000 года, на об. тит. л. 1999 г.
Språk:ryska
Publicerad: СПб., Политехника, 2000
Upplaga:2-е изд., перераб. и доп.
Ämnen:
Materialtyp: Bok
KOHA link:https://koha.lib.tpu.ru/cgi-bin/koha/opac-detail.pl?biblionumber=25848

MARC

LEADER 00000nam0a2200000 4500
001 25848
005 20231030201215.0
010 |a 5732505466 
035 |a (RuTPU)RU\TPU\book\26086 
035 |a BOOK00026161 
090 |a 25848 
100 |a 20011209d2000 m y0rusy50 ca 
101 0 |a rus 
102 |a RU 
105 |a a z 000zy 
200 1 |a Цифровая обработка сигналов  |e процессоры, алгоритмы, средства проектирования  |f М. С. Куприянов, Б. Д. Матюшкин 
205 |a 2-е изд., перераб. и доп. 
210 |a СПб.  |c Политехника  |d 2000 
215 |a 592 с.  |c ил. 
300 |a На тит. л. вых. данные 2000 года, на об. тит. л. 1999 г. 
320 |a Библиогр.: с. 584. 
451 1 |0 (RuTPU)RU\TPU\book\43851  |y 5-7325-0546-6  |t Цифровая обработка сигналов. Процессоры, алгоритмы, средства проектирования  |f М. С. Куприянов, Б. Д. Матюшкин  |e 2-е изд., перераб. и доп.  |c СПб.  |n Политехника  |d 2002  |p 592 с.  |a Куприянов, Михаил Степанович 
610 1 |a программирование 
610 1 |a процессоры 
610 1 |a сигналы 
610 1 |a цифровая обработка 
610 1 |a алгоритмы 
610 1 |a архитектура 
610 1 |a DSP 
610 1 |a проектирование 
610 1 |a инструментальные средства 
675 |a 681.325.5  |v 3 
700 1 |a Куприянов  |b М. С.  |g Михаил Степанович 
701 1 |a Матюшкин  |b Б. Д.  |g Борис Дмитриевич 
801 0 |a RU  |b 63413507  |c 20011209  |g PSBO 
801 2 |a RU  |b 63413507  |c 20090727  |g PSBO 
942 |c BK